Statistics for UEFA Champions League 2018-2019 - Teams

Click here to take the quiz!

General Stats

  • This quiz has been taken 23 times
  • The average score is 59 of 79

Answer Stats

TeamAssociation% Correct
Club Brugge KVBelgium
100%
AS Monaco FCFrance
100%
Borussia DortmundGermany
100%
FC Bayern MunichGermany
100%
AEK Athens F.C.Greece
100%
A.S. RomaItaly
100%
AFC AjaxNetherlands
100%
Celtic F.C.Scotland
100%
Atlético MadridSpain
100%
FC BarcelonaSpain
100%
FC Dynamo KyivUkraine
100%
FC Red Bull SalzburgAustria
95%
Liverpool F.C.England
95%
Manchester United F.C.England
95%
Manchester City F.C.England
95%
Paris Saint-Germain F.C.France
95%
Olympique LyonnaisFrance
95%
FC Schalke 04Germany
95%
S.S.C. NapoliItaly
95%
Juventus F.C.Italy
95%
Inter MilanItaly
95%
Legia WarsawPoland
95%
S.L. BenficaPortugal
95%
FC PortoPortugal
95%
FC Spartak MoscowRussia
95%
PFC CSKA MoscowRussia
95%
FC Lokomotiv MoscowRussia
95%
Real Madrid CFSpain
95%
FC BaselSwitzerland
95%
BSC Young BoysSwitzerland
95%
Galatasaray S.K.Turkey
95%
GNK Dinamo ZagrebCroatia
89%
Tottenham Hotspur F.C.England
89%
TSG 1899 HoffenheimGermany
89%
PSV EindhovenNetherlands
89%
Valencia CFSpain
89%
Malmö FFSweden
89%
Fenerbahçe S.K.Turkey
89%
FC Shakhtar DonetskUkraine
89%
Standard LiègeBelgium
84%
APOEL FCCyprus
84%
SK Slavia PragueCzech Republic
84%
PAOK FCGreece
84%
Rosenborg BKNorway
84%
Cork City F.C.Republic of Ireland
84%
Red Star BelgradeSerbia
84%
FC BATE BorisovBelarus
74%
FC MidtjyllandDenmark
74%
NK Olimpija LjubljanaSlovenia
74%
SK Sturm GrazAustria
68%
FC AstanaKazakhstan
68%
CFR ClujRomania
68%
PFC Ludogorets RazgradBulgaria
63%
FC Viktoria PlzeňCzech Republic
63%
Qarabağ FKAzerbaijan
58%
Hapoel Be'er Sheva F.C.Israel
58%
Valletta F.C.Malta
58%
The New Saints F.C.Wales
58%
Helsingin JalkapalloklubiFinland
53%
Crusaders F.C.Northern Ireland
53%
Lincoln Red Imps F.C.Gibraltar
47%
FC Sheriff TiraspolMoldova
47%
FC AlashkertArmenia
42%
F91 DudelangeLuxembourg
42%
FC Spartak TrnavaSlovakia
42%
FK KukësiAlbania
37%
HŠK Zrinjski MostarBosnia and Herzegovina
37%
FC FloraEstonia
37%
MOL Vidi FCHungary
37%
FC DritaKosovo
37%
FK Sutjeska NikšićMontenegro
37%
FC Santa ColomaAndorra
32%
Víkingur GøtaFaroe Islands
32%
ValurIceland
32%
KF ShkëndijaNorth Macedonia
32%
S.P. La FioritaSan Marino
32%
FK Spartaks JūrmalaLatvia
26%
FK SūduvaLithuania
26%
FC Torpedo KutaisiGeorgia
21%

Score Distribution

Percentile by Number Answered

Percent of People with Each Score

Your Score History

You have not taken this quiz